Arte Cubano/ (Record no. 3367)

MARC details
000 -LEADER
campo de control de longitud fija 01873nam a22003737a 4500
003 - IDENTIFICADOR DE NÚMERO DE CONTROL
campo de control OSt
005 - FECHA Y HORA DE LA ÚLTIMA TRANSACCIÓN
campo de control 20230413133602.0
008 - DATOS DE LONGITUD FIJA--INFORMACIÓN GENERAL
campo de control de longitud fija 221006b |||||||| |||| 00| 0 eng d
040 ## - FUENTE DE CATALOGACIÓN
Centro/agencia transcriptor Biblioteca Lado V
082 ## - NÚMERO DE LA CLASIFICACIÓN DECIMAL DEWEY
Número de clasificación 700
Número de ítem K41a
100 ## - ENTRADA PRINCIPAL--NOMBRE DE PERSONA
9 (RLIN) 798
Nombre de persona Acosta de Arriba, Rafael
Término indicativo de función/relación editor
-- director
245 ## - MENCIÓN DEL TÍTULO
Título Arte Cubano/
Resto del título Revista de Artes Visuales/
260 ## - PUBLICACIÓN, DISTRIBUCIÓN, ETC.
Nombre del editor, distribuidor, etc. Consejo Nacional de las Artes Plasticas
Fecha de publicación, distribución, etc. 2001
Lugar de publicación, distribución, etc. Cuba
300 ## - DESCRIPCIÓN FÍSICA
Dimensiones 22x32cm
Extensión 98p.
366 ## - INFORMACIÓN SOBRE DISPONIBILIDAD COMERCIAL
Nota spa
490 ## - MENCIÓN DE SERIE
Designación de volumen o secuencia 2001
Mención de serie 2
Número Internacional Normalizado para Publicaciones Seriadas 1024 8439
505 ## - NOTA DE CONTENIDO CON FORMATO
Título Alli
Nota de contenido con formato El espacio en el arte cubano contemporaneo
505 ## - NOTA DE CONTENIDO CON FORMATO
Título Ruta Critica
Nota de contenido con formato El tiempo restaurado<br/><br/>Lo que quieren es que las miren<br/><br/>No hay que llorar: Que la historia es un carnaval<br/><br/>La ciudad de las damas o el paradiso de la resistencia<br/><br/>Jugando con Fuego<br/><br/>Sutiles visitas a los arcanos<br/><br/>Pa'ir tirando<br/><br/>Lo provisional en la obra del Gabinete Ordo Amoris<br/>
505 ## - NOTA DE CONTENIDO CON FORMATO
Título Tranfiguraciones elastricas: transito y disidencia en el arte publico contemporaneo
505 ## - NOTA DE CONTENIDO CON FORMATO
Título Pensando Alto A cargo de Magaly Espinosa
Nota de contenido con formato El artista suficientemente bueno: mas allá del artista de vanguardia
505 ## - NOTA DE CONTENIDO CON FORMATO
Título Otros Espacios...
Nota de contenido con formato Cuba: TatuArte la memoria<br/><br/>Mas cerca un del otro: arte y comunicación en America Latina
505 ## - NOTA DE CONTENIDO CON FORMATO
Título Historieta
505 ## - NOTA DE CONTENIDO CON FORMATO
Título Summary
650 ## - PUNTO DE ACCESO ADICIONAL DE MATERIA--TÉRMINO DE MATERIA
Fuente del encabezamiento o término Tesauro de Arte & Arquitectura
Término de materia o nombre geográfico como elemento de entrada ARTE
9 (RLIN) 703
650 ## - PUNTO DE ACCESO ADICIONAL DE MATERIA--TÉRMINO DE MATERIA
Fuente del encabezamiento o término Tesauro de Arte & Arquitectura
Término de materia o nombre geográfico como elemento de entrada EXPOSICIONES
650 ## - PUNTO DE ACCESO ADICIONAL DE MATERIA--TÉRMINO DE MATERIA
Fuente del encabezamiento o término Tesauro de Arte & Arquitectura
Término de materia o nombre geográfico como elemento de entrada BIENAL
650 ## - PUNTO DE ACCESO ADICIONAL DE MATERIA--TÉRMINO DE MATERIA
Fuente del encabezamiento o término Tesauro de Arte & Arquitectura
Término de materia o nombre geográfico como elemento de entrada APRECIACION
650 ## - PUNTO DE ACCESO ADICIONAL DE MATERIA--TÉRMINO DE MATERIA
Fuente del encabezamiento o término Tesauro de Arte & Arquitectura
Término de materia o nombre geográfico como elemento de entrada TEORIA
650 ## - PUNTO DE ACCESO ADICIONAL DE MATERIA--TÉRMINO DE MATERIA
Fuente del encabezamiento o término Tesauro de Arte & Arquitectura
Término de materia o nombre geográfico como elemento de entrada CRITICA
650 ## - PUNTO DE ACCESO ADICIONAL DE MATERIA--TÉRMINO DE MATERIA
Fuente del encabezamiento o término Tesauro de Arte & Arquitectura
Término de materia o nombre geográfico como elemento de entrada FOTOGRAFIA
9 (RLIN) 702
650 ## - PUNTO DE ACCESO ADICIONAL DE MATERIA--TÉRMINO DE MATERIA
Fuente del encabezamiento o término Tesauro de Arte & Arquitectura
Término de materia o nombre geográfico como elemento de entrada LITERATURA
650 ## - PUNTO DE ACCESO ADICIONAL DE MATERIA--TÉRMINO DE MATERIA
Fuente del encabezamiento o término Tesauro de Arte & Arquitectura
Término de materia o nombre geográfico como elemento de entrada CUBANO
942 ## - ELEMENTOS DE ENTRADA SECUNDARIOS (KOHA)
Fuente del sistema de clasificación o colocación Clasificación Decimal Dewey
Tipo de ítem Koha Libros
Parte de la signatura que corresponde a la clasificación (Parte de la clasificación) 701.18
Parte de la signatura que identifica el ejemplar (Parte del ítem) A185a
Suprimir en OPAC No
Holdings
Estatus retirado Estado de pérdida Fuente del sistema de clasificación o colocación Especificación de materiales (volumen encuadernado u otra parte) Estado de daño No para préstamo Colección Biblioteca de origen Biblioteca actual Fecha de adquisición Enumeración/cronología de publicación seriada Número de inventario Total de préstamos Signatura topográfica completa Código de barras Visto por última vez Precio de reemplazo Tipo de ítem Koha
    Clasificación Decimal Dewey 2001     Revistas Biblioteca LadoV Biblioteca LadoV 13/04/2023 2 003253   701.18 A185a 003253 13/04/2023 13/04/2023 Libros